[Event "Montigny le Bretonneux op 19th"]
[Site "Montigny le Bretonneux"]
[Date "2021.10.27"]
[Round "5"]
[White "Rafalimanana, Hary"]
[Black "Duval, Dominique"]
[Result "1-0"]
[WhiteElo "1238"]
[BlackElo "1695"]
[PlyCount "99"]
[EventDate "2021.10.23"]
[EventType "swiss"]
[EventRounds "7"]
[EventCountry "FRA"]
[SourceTitle "CBM 204 Extra"]
[Source "ChessBase"]
[SourceDate "2021.11.30"]
[SourceVersion "1"]
[SourceVersionDate "2021.11.30"]
[SourceQuality "1"]

1. d4 d6 2. Nf3 Nf6 3. Nc3 c6 4. h3 Nbd7 5. e4 Qa5 6. Bd3 e5 7. 0-0 Be7 8. Ne2 0-0 9. c3 Qc7 10. Be3 b6 11. Ng3 g6 12. Qb3 d5 13. Rac1 dxe4 14. Nxe4 Nxe4 15. Bxe4 Nf6 16. Bb1 Be6 17. Qd1 e4 18. Ng5 Bc4 19. Re1 Bd3 20. Bxd3 exd3 21. Qxd3 Nd5 22. Bd2 Bd6 23. Ne4 Bf4 24. Bxf4 Qxf4 25. Qg3 Kg7 26. Qxf4 Nxf4 27. Re3 Rad8 28. Kf1 Rfe8 29. g3 Nd5 30. Re2 f5 31. Ng5 Rxe2 32. Kxe2 Re8+ 33. Kd2 h6 34. Nf3 f4 35. g4 Nf6 36. Re1 Rxe1 37. Kxe1 Nd7 38. Kd2 Kf6 39. Kd3 Ke6 40. Ke4 g5 41. Ne5 Nf6+ 42. Kd3 c5 43. Nc6 Kd5 44. Ne7+ Ke6 45. Nc8 Kd5 46. f3 cxd4 47. c4+ Kc5 48. Nxa7 Ne8 49. Nb5 Nf6 50. a3 1-0

[Event "Montigny le Bretonneux-B 15th"]
[Site "Montigny le Bretonneux"]
[Date "2016.10.25"]
[Round "4.2"]
[White "Billot, Daniel"]
[Black "Duval, Dominique"]
[Result "1-0"]
[WhiteElo "1766"]
[BlackElo "1711"]
[PlyCount "65"]
[EventDate "2016.10.22"]
[EventType "tourn"]
[EventRounds "9"]
[EventCountry "FRA"]
[SourceTitle "EXT 2024"]
[Source "ChessBase"]
[SourceDate "2023.10.10"]
[SourceVersion "1"]
[SourceVersionDate "2023.10.10"]
[SourceQuality "1"]

1. e4 c5 2. c3 g6 3. Nf3 Bg7 4. Bc4 Nc6 5. 0-0 d6 6. d4 cxd4 7. cxd4 Nf6 8. e5 dxe5 9. dxe5 Qxd1 10. Rxd1 Ng4 11. e6 Bxe6 12. Bxe6 fxe6 13. h3 Nf6 14. Nc3 0-0 15. Ng5 Nd5 16. Nxd5 exd5 17. Ne6 Rf5 18. g4 Re5 19. Nxg7 Kxg7 20. b4 Re2 21. Rxd5 Nxb4 22. Rd7 Kf7 23. Kf1 Rxa2 24. Rxa2 Nxa2 25. Ba3 b5 26. Rxe7+ Kf6 27. Rxh7 a5 28. Bb2+ Kg5 29. Kg2 Kf4 30. Re7 Rd8 31. Be5+ Kg5 32. Rh7 Rd2 33. Kg3 1-0

[Event "Montigny le Bretonneux 1hKO 20th"]
[Site "Montigny le Bretonneux"]
[Date "2016.05.08"]
[Round "9.11"]
[White "Duval, Dominique"]
[Black "Montay, Jean Paul"]
[Result "1-0"]
[WhiteElo "1692"]
[BlackElo "1338"]
[PlyCount "77"]
[EventDate "2016.05.05"]
[EventType "swiss"]
[EventRounds "7"]
[EventCountry "FRA"]
[SourceTitle "EXT 2024"]
[Source "ChessBase"]
[SourceDate "2023.10.10"]
[SourceVersion "1"]
[SourceVersionDate "2023.10.10"]
[SourceQuality "1"]

1. d4 d5 2. e3 Nf6 3. Bd3 Nc6 4. Nd2 e6 5. c3 Be7 6. f4 0-0 7. Ngf3 Ne8 8. Ne5 f5 9. 0-0 Nxe5 10. fxe5 c5 11. Rf3 b6 12. Rh3 g6 13. Nf3 Ng7 14. Be2 Bg5 15. Nxg5 Qxg5 16. Rg3 Qh4 17. Bd2 Kf7 18. Be1 Qe7 19. Rh3 Rh8 20. Bh4 Qc7 21. Bf6 Bb7 22. Rh6 Rag8 23. Qe1 cxd4 24. cxd4 Qc8 25. Qh4 Qf8 26. a4 Ke8 27. Bb5+ Kf7 28. a5 a6 29. Bd7 b5 30. b3 Nh5 31. Bxh8 Qxh6 32. Bf6 g5 33. Qe1 Nxf6 34. exf6 Qxf6 35. Qe2 Ke7 36. Bxb5 axb5 37. Qxb5 Rb8 38. a6 Qf8 39. axb7 1-0

[Event "Montigny le Bretonneux 1hKO 20th"]
[Site "Montigny le Bretonneux"]
[Date "2016.05.05"]
[Round "2.6"]
[White "Rivier, Sylvain"]
[Black "Duval, Dominique"]
[Result "0-1"]
[WhiteElo "1534"]
[BlackElo "1692"]
[PlyCount "98"]
[EventDate "2016.05.05"]
[EventType "swiss"]
[EventRounds "7"]
[EventCountry "FRA"]
[SourceTitle "EXT 2024"]
[Source "ChessBase"]
[SourceDate "2023.10.10"]
[SourceVersion "1"]
[SourceVersionDate "2023.10.10"]
[SourceQuality "1"]

1. e4 c5 2. Nf3 g6 3. d4 cxd4 4. Nxd4 Bg7 5. Nc3 Nc6 6. Be3 Nf6 7. Be2 0-0 8. 0-0 d6 9. h3 Bd7 10. Qd2 Rc8 11. Nxc6 Bxc6 12. Bd3 a6 13. Bh6 Qa5 14. Bxg7 Kxg7 15. Rad1 Qb4 16. b3 Bd7 17. Nd5 Qxd2 18. Rxd2 Rce8 19. Nc7 Rd8 20. Nd5 e6 21. Nxf6 Kxf6 22. f4 Kg7 23. Rfd1 Bc6 24. c4 Kf6 25. Bc2 Ke7 26. g3 f5 27. exf5 gxf5 28. Kf2 Rg8 29. Re1 Kf6 30. Red1 d5 31. cxd5 Rxd5 32. Rxd5 Bxd5 33. Rd2 Rc8 34. Bd1 Rc3 35. Be2 b5 36. Rd3 Rc2 37. a4 bxa4 38. bxa4 Ra2 39. Rc3 Rxa4 40. Rc7 Kg6 41. Ra7 a5 42. g4 Rxf4+ 43. Kg3 Ra4 44. gxf5+ exf5 45. Ra6+ Kg5 46. Ra7 Ra3+ 47. Kf2 h6 48. Rg7+ Kf4 49. Rh7 Rxh3 0-1

[Event "Montigny le Bretonneux-B 14th"]
[Site "Montigny le Bretonneux"]
[Date "2015.10.18"]
[Round "2.2"]
[White "Renoux, Frederic"]
[Black "Duval, Dominique"]
[Result "1-0"]
[WhiteElo "1861"]
[BlackElo "1717"]
[PlyCount "85"]
[EventDate "2015.10.17"]
[EventType "tourn"]
[EventRounds "9"]
[EventCountry "FRA"]
[SourceTitle "EXT 2024"]
[Source "ChessBase"]
[SourceDate "2023.10.10"]
[SourceVersion "1"]
[SourceVersionDate "2023.10.10"]
[SourceQuality "1"]

1. d4 g6 2. c4 Bg7 3. Nf3 c5 4. d5 Nf6 5. Nc3 d6 6. g3 e5 7. Bg2 a6 8. a4 0-0 9. 0-0 Qe7 10. e4 h6 11. h3 Nbd7 12. Ne1 Nh7 13. f4 f5 14. Kh2 exf4 15. Bxf4 g5 16. Bd2 Bxc3 17. Bxc3 fxe4 18. Rxf8+ Nhxf8 19. Qe2 Nf6 20. Nd3 Bd7 21. Rf1 N8h7 22. b4 b6 23. a5 Re8 24. axb6 Nxd5 25. cxd5 exd3 26. Qxe7 Rxe7 27. b7 Re8 28. bxc5 dxc5 29. Be5 c4 30. b8Q Rxb8 31. Bxb8 c3 32. Be4 d2 33. Bc2 Bb5 34. d6 Nf8 35. Bb3+ Kg7 36. Rf7+ Kg8 37. Rf3+ Kg7 38. Rxc3 Nd7 39. Ba7 Be2 40. Rc7 Bb5 41. Bd4+ Kg6 42. g4 h5 43. Bc3 1-0

[Event "Montigny le Bretonneux op 13th"]
[Site "Montigny le Bretonneux"]
[Date "2014.10.24"]
[Round "7"]
[White "Branson, James"]
[Black "Duval, Dominique"]
[Result "1-0"]
[WhiteElo "1779"]
[BlackElo "1730"]
[PlyCount "109"]
[EventDate "2014.10.18"]
[EventType "swiss"]
[EventRounds "9"]
[EventCountry "FRA"]
[SourceTitle "EXT 2016"]
[Source "ChessBase"]
[SourceDate "2015.10.08"]
[SourceVersion "1"]
[SourceVersionDate "2015.10.08"]
[SourceQuality "1"]

1. e4 c5 2. Nf3 g6 3. c3 Bg7 4. d4 cxd4 5. cxd4 d5 6. exd5 Nf6 7. Bc4 Nxd5 8. Nc3 Nb6 9. Bb3 0-0 10. 0-0 Bg4 11. d5 N8d7 12. h3 Bxf3 13. Qxf3 Ne5 14. Qg3 Nec4 15. Rd1 Nd6 16. Bf4 Rc8 17. Qe3 Nf5 18. Qd3 Nd7 19. Na4 Nc5 20. Nxc5 Rxc5 21. Rac1 Rxc1 22. Rxc1 Bxb2 23. Re1 Ba3 24. g4 Ng7 25. Qc3 Bd6 26. Bh6 f6 27. Be3 Qb8 28. Bd4 Qc8 29. Qd2 b6 30. Rc1 Qd7 31. Rc6 Kf7 32. Qc3 h5 33. g5 Ne8 34. Qf3 Qf5 35. Qxf5 gxf5 36. h4 fxg5 37. hxg5 Kg6 38. f4 h4 39. Kg2 Ng7 40. Kh3 Kf7 41. Be5 Ne8 42. Kxh4 Rg8 43. a4 Ng7 44. Kg3 Nh5+ 45. Kf3 Rd8 46. Bxd6 Rxd6 47. Rc7 a6 48. Rb7 a5 49. Bc4 Ng7 50. Rc7 Ne8 51. Rc6 Kg7 52. Ke3 e6 53. Kd4 Rxc6 54. dxc6 Nc7 55. Ke5 1-0

[Event "Montigny le Bretonneux op 17th"]
[Site "Montigny le Bretonneux"]
[Date "2013.05.18"]
[Round "3"]
[White "Duval, Dominique"]
[Black "Chambourdon, Alain"]
[Result "1-0"]
[WhiteElo "1780"]
[BlackElo "1560"]
[PlyCount "109"]
[EventDate "2013.05.18"]
[EventType "swiss"]
[EventRounds "9"]
[EventCountry "FRA"]
[SourceTitle "EXT 2014"]
[Source "ChessBase"]
[SourceDate "2013.11.20"]
[SourceVersion "1"]
[SourceVersionDate "2013.11.20"]
[SourceQuality "1"]

1. d4 f5 2. Nf3 g6 3. Bg5 Bg7 4. e3 Nf6 5. Bc4 d5 6. Bb3 0-0 7. h3 c6 8. Nbd2 Qe8 9. c4 e6 10. 0-0 Nbd7 11. Bf4 Ne4 12. Nxe4 fxe4 13. Nd2 Nf6 14. Be5 Nd7 15. Bxg7 Kxg7 16. f4 Nf6 17. Rc1 Bd7 18. Qe1 Qf7 19. cxd5 exd5 20. g4 Kh8 21. Qh4 Qg7 22. Kh2 Be8 23. Rg1 Rc8 24. g5 Nh5 25. Bxd5 cxd5 26. Rxc8 Bc6 27. Rxf8+ Qxf8 28. a3 Ng7 29. Qf2 Qd6 30. Rc1 Kg8 31. b4 a6 32. Nb3 Ne6 33. Kg2 Qe7 34. Na5 Nd8 35. Qa2 Qd7 36. Nxc6 Nxc6 37. Rc5 Kf7 38. Qxd5+ Qxd5 39. Rxd5 Ke6 40. Rc5 Kd6 41. h4 b6 42. Re5 Nxe5 43. fxe5+ Ke6 44. Kg3 Kf5 45. a4 b5 46. axb5 axb5 47. Kh3 Ke6 48. Kg4 Kf7 49. Kf4 Ke6 50. Kxe4 Ke7 51. Kd5 Kd7 52. e4 Ke7 53. e6 Kd8 54. Kd6 Ke8 55. e7 1-0

[Event "Montigny le Bretonneux op 17th"]
[Site "Montigny le Bretonneux"]
[Date "2013.05.18"]
[Round "5"]
[White "Sellier, Alexandre"]
[Black "Duval, Dominique"]
[Result "0-1"]
[WhiteElo "1180"]
[BlackElo "1780"]
[PlyCount "50"]
[EventDate "2013.05.18"]
[EventType "swiss"]
[EventRounds "9"]
[EventCountry "FRA"]
[SourceTitle "EXT 2014"]
[Source "ChessBase"]
[SourceDate "2013.11.20"]
[SourceVersion "1"]
[SourceVersionDate "2013.11.20"]
[SourceQuality "1"]

1. e4 c5 2. d4 cxd4 3. Qxd4 Nc6 4. Qc4 Nf6 5. Nc3 g6 6. Nf3 Bg7 7. e5 Ng8 8. Bf4 e6 9. 0-0-0 Nge7 10. g3 a6 11. Bg2 Qc7 12. Rhe1 b5 13. Qd3 0-0 14. Kb1 Bb7 15. a3 Rfd8 16. Rd2 Rac8 17. Rde2 Na5 18. Ne4 Bxe4 19. Qxe4 Nd5 20. Bg5 Re8 21. Rd2 Nc4 22. Rd3 Nxb2 23. Kxb2 Qxc2+ 24. Ka1 Nc3 25. Qb4 Qa2# 0-1

[Event "Montigny le Bretonneux-B 11th"]
[Site "Montigny le Bretonneux"]
[Date "2012.10.27"]
[Round "1"]
[White "Branson, James"]
[Black "Duval, Dominique"]
[Result "1/2-1/2"]
[WhiteElo "1705"]
[BlackElo "1770"]
[PlyCount "90"]
[EventDate "2012.10.27"]
[EventType "tourn"]
[EventRounds "9"]
[EventCountry "FRA"]
[SourceTitle "EXT 2014"]
[Source "ChessBase"]
[SourceDate "2013.11.20"]
[SourceVersion "1"]
[SourceVersionDate "2013.11.20"]
[SourceQuality "1"]

1. e4 g6 2. d4 Bg7 3. Be3 d6 4. Nc3 a6 5. Qd2 Nd7 6. Nf3 b5 7. e5 dxe5 8. dxe5 Nxe5 9. Qxd8+ Kxd8 10. 0-0-0+ Bd7 11. Be2 Ke8 12. Bd4 f6 13. Bxe5 fxe5 14. Nd5 Rc8 15. Rhe1 e6 16. Nc3 Nh6 17. Ne4 Rd8 18. Nfg5 Nf7 19. Nxf7 Kxf7 20. Nc5 Bc8 21. Bf3 Ke7 22. Nd3 Rhf8 23. Nxe5 Rxd1+ 24. Bxd1 Bxe5 25. Rxe5 Rxf2 26. Bf3 Kd6 27. Re1 e5 28. a3 Bf5 29. Re2 Rxe2 30. Bxe2 h5 31. g3 Kd5 32. Kd2 Ke4 33. c3 c5 34. b3 Kd5 35. Ke3 Bc2 36. c4+ bxc4 37. Bxc4+ Kc6 38. b4 cxb4 39. axb4 Kb6 40. h4 Bf5 41. Be2 a5 42. bxa5+ Kxa5 43. Bd3 Kb4 44. Be2 Kc3 45. Bf3 Kc4 1/2-1/2

[Event "Montigny le Bretonneux Noel op 14th"]
[Site "Montigny le Bretonneux"]
[Date "2011.12.31"]
[Round "7.6"]
[White "Gazay, Didier"]
[Black "Duval, Dominique"]
[Result "0-1"]
[WhiteElo "1805"]
[BlackElo "1805"]
[PlyCount "108"]
[EventDate "2011.12.26"]
[EventType "swiss"]
[EventRounds "7"]
[EventCountry "FRA"]
[SourceTitle "EXT 2014"]
[Source "ChessBase"]
[SourceDate "2013.11.20"]
[SourceVersion "1"]
[SourceVersionDate "2013.11.20"]
[SourceQuality "1"]

1. c4 c5 2. g3 Nc6 3. Bg2 g6 4. e3 Bg7 5. Ne2 d6 6. Nbc3 Rb8 7. 0-0 Nf6 8. d3 0-0 9. a3 Bd7 10. Nf4 a6 11. a4 Nb4 12. Rb1 Bc6 13. e4 e6 14. Bh3 Qe7 15. Re1 Nd7 16. Nfd5 Qd8 17. Nxb4 cxb4 18. Ne2 Ne5 19. Bg2 b5 20. axb5 axb5 21. f4 Qb6+ 22. Kh1 Ng4 23. Rf1 bxc4 24. d4 Qa5 25. h3 Qa2 26. Bd2 Nf6 27. Qc2 b3 28. Qc1 Qa8 29. d5 exd5 30. Nd4 Nxe4 31. Bxe4 dxe4 32. Nxc6 Qxc6 33. Be3 d5 34. Rd1 Rbd8 35. Bd4 Bxd4 36. Rxd4 Rfe8 37. Qe3 Qe6 38. Kg2 Ra8 39. Rbd1 Red8 40. R1d2 f5 41. h4 h5 42. Kf2 Kf7 43. Qc3 Re8 44. Ke3 Ra1 45. Re2 Rf1 46. Kd2 e3+ 47. Rxe3 Qxe3+ 48. Qxe3 Rxe3 49. Kxe3 Ke6 50. Rd2 Re1+ 51. Kd4 Kd6 52. Rg2 Re4+ 53. Kc3 Kc5 54. Rd2 Re3+ 0-1